El contrato de trabajo a domicilio

Bibliographic Details
Main Author: Arnal Maqueda, Jaume
Format: Unknown
Language:Spanish
Published: Barcelona : Agrupacin̤ Profesional de Trabajo a Domicilio, D.L. 1987
Subjects:
Online Access:Acceso restringido

MARC

LEADER 00000ny a22000003n 4500
005 2011060603043.0
008 970225s1987 sp s 000 0 spa c
017 |a B42673-1987 
020 |a 8423410595 
035 |a 1207 
040 |a UCM.CEE  |d vLex 
040 |a UMA.RE  |d vLex 
080 |a 331.106.2:351.83 
080 |a 351.83:331.106.2 
090 |c 496  |d 496 
100 1 |a Arnal Maqueda, Jaume 
245 1 3 |a El contrato de trabajo a domicilio  |h [Recurso electrn̤ico]  |c Jaume Arnal Maqueda 
256 |a Servicio en ln̕ea 
260 |a Barcelona :  |b Agrupacin̤ Profesional de Trabajo a Domicilio,  |c D.L. 1987 
300 |a 155 p. ;  |c 21 cm 
506 1 |a Contenido solo disponible en los productos indicados  |d vLex Global  |d vLex Global (Academic Edition, excluding Law Schools)  |d vLex Global (U.S. Academic Edition, Law Schools)  |d vLex Global (U.S. Academic Edition, excluding Law Schools)  |d vLex Global (Academic Edition, Law Schools) 
650 0 7 |a Laboral  |2 Tesauro vLex 
650 0 7 |a Contrato de trabajo  |2 Tesauro vLex 
650 0 7 |a Trabajo a domicilio  |2 Tesauro vLex 
650 0 7 |a Contrato a domicilio  |2 Tesauro vLex 
650 0 7 |a Contratos especiales de trabajo  |2 Tesauro vLex 
650 0 7 |a Trabajo a domicilio  |2 Tesauro vLex 
740 0 |a vLex Libros (Servicios en ln̕ea) 
856 4 0 |u http://vlex.com/source/1207  |z Acceso restringido 
942 |c BOOK 
999 0 |a Labor laws and legislation  |b Barcelona